000 00490nam a2200133Ia 4500
008 100328s9999 xx 000 0 und d
082 _b68125
100 _aकापसे हरिश्चंद्र.
245 _aआयुर्वेदिक औषाी वनस्पती.
260 _bसन.
630 _aआयुर्वेदिक औषाी वनस्पती.
730 _aआयुर्वेदिक औषाी वनस्पती.
942 _cBOOK
999 _c553864
_d553861